| 000 | 00951nam0a22002411 4500 | ||
|---|---|---|---|
| 001 | rc\1143050 | ||
| 005 | 20260407075657.0 | ||
| 035 | _a(NLR Aleph) 006389225 | ||
| 090 |
_a5137470 _c5137470 |
||
| 100 | _a20041129d1980 |||y0rusy50 ca | ||
| 101 | 0 | _arus | |
| 102 | _aRU | ||
| 105 | _ay ||||||||| | ||
| 200 | 1 |
_aКомплексные планы технико-экономического и социального развития предприятий и организаций _eТез. докл. обл. семинара (2-3 июня 1980 г.) |
|
| 210 |
_aПенза _cБ. и. _d1980 |
||
| 215 |
_a23 с. _d20 |
||
| 300 | _aВ надзаг.: О-во "Знание" РСФСР, Пенз. политехн. ин-т | ||
| 712 | 0 | 2 |
_aПензенский дом науч.-техн. пропаганды _9280384 _3RU\NLR\AUTH\884447 |
| 801 | 0 |
_aRU _bNLR _gpsbo |
|
| 801 | 1 |
_aRU _bELAR _2rusmarc |
|
| 852 |
_aNLR _j81-4/13121 |
||
| 942 | _cBOOK | ||
| 980 | _aNB | ||